| 000 | 00698cam a2200241 4500 | ||
|---|---|---|---|
| 008 | 090401t1993 xxu||||| |||| 00| 0 eng d | ||
| 020 | _a1854312480 | ||
| 035 | _a(Sirsi) u35426 | ||
| 041 | _aeng | ||
| 050 | _a340.0943 | ||
| 100 | _aFoster, Nigel G. | ||
| 245 | _aGerman law & legal system. | ||
| 260 |
_aLondon _bBlackstone Press Limited _c1993 |
||
| 300 | _axlv,360p. ; 24cm. | ||
| 350 | _a25 | ||
| 520 | _aAn introduction to the German legal system, including the historical background, followed by chapters on public, criminal and civil law. | ||
| 650 | _aGERMANY | ||
| 650 | _aLAW | ||
| 650 | _aLEGAL SYSTEM | ||
| 690 | _aOVERSEAS-EUROPE | ||
| 942 | _n0 | ||
| 948 | _c04/03/1997 | ||
| 999 |
_c90109 _d90109 |
||